| 000 | 01487cam a22003614a 4500 | ||
|---|---|---|---|
| 001 | 13852966 | ||
| 005 | 20201128020711.0 | ||
| 008 | 050128s2005 enka b 001 0 eng | ||
| 010 | _a 2005041047 | ||
| 020 | _a9781403944504 (hbk.) | ||
| 020 | _a1403944504 (cloth) | ||
| 020 | _a9781403944511 (pbk.) | ||
| 020 | _a1403944512 (pbk.) | ||
| 040 |
_aDLC _beng _cDLC _dDLC _dEG-ScBUE |
||
| 043 | _ae------ | ||
| 082 | 0 | 4 |
_a341.2422 _bMCC _222 |
| 100 | 1 |
_aMcCormick, John, _d1954- _92768 |
|
| 245 | 1 | 0 |
_aUnderstanding the European Union : _ba concise introduction / _cJohn McCormick. |
| 250 | _a3rd ed. | ||
| 260 |
_aHoundmills ; _aNew York : _bPalgrave Macmillan, _cc.2005. |
||
| 300 |
_axx, 260 p. : _bill., map ; _c24 cm. |
||
| 490 | 1 | _aEuropean Union series | |
| 504 | _aIncludes bibliographical references and index. | ||
| 610 | 2 | 0 |
_aEuropean Union _92769 |
| 650 | 0 |
_98224 _aEuropean Union _2BUEsh |
|
| 651 | _2BUEsh | ||
| 830 | 0 |
_aEuropean Union series (Palgrave Macmillan (Firm)) _92770 |
|
| 856 | 4 | 2 |
_3Contributor biographical information _uhttp://www.loc.gov/catdir/enhancements/fy0623/2005041047-b.html |
| 856 | 4 | 2 |
_3Publisher description _uhttp://www.loc.gov/catdir/enhancements/fy0623/2005041047-d.html |
| 856 | 4 | 1 |
_3Table of contents only _uhttp://www.loc.gov/catdir/enhancements/fy0623/2005041047-t.html |
| 942 |
_2ddc _cBB |
||
| 999 |
_c11112 _d11112 |
||